|
|
|
|
| LEADER |
01714nam a22003257a 4500 |
| 001 |
40692 |
| 003 |
BD-DhAAL |
| 005 |
20230207120108.0 |
| 008 |
230207t2014 bg ||||| |||| 00| 0dben d |
| 020 |
|
|
|a 98483097041
|
| 040 |
|
|
|a BD-DhAAL
|d BD-DhAAL
|
| 041 |
|
|
|a ben
|
| 082 |
|
|
|a 891.443
|2 23
|
| 100 |
|
|
|a মিত্র, প্রেমেন্দ্র
|9 53570
|
| 245 |
|
|
|a প্রেমেন্দ্র মিত্রের :
|b শ্রেষ্ঠ গল্প /
|c প্রেমেন্দ্র মিত্র; সম্পাদনা আরজুমান আরা বানু
|
| 260 |
|
|
|a ঢাকা :
|b বিশ্বসহিত্য ভবন,
|c ২০১৪
|
| 300 |
|
|
|a ১৬০ পৃষ্ঠা ;
|c ২২ সে. মি.
|
| 504 |
|
|
|a গ্রন্থপঞ্জিগত নির্দেশিকা অন্তভূক্ত
|
| 526 |
|
|
|a GenEd (Residential Campus)
|
| 541 |
|
|
|a Development Book Agency
|e 40692, 40693
|
| 600 |
|
|
|a মিত্র, প্রেমেন্দ্র,
|d ১৯০৪-১৯৮৮
|9 53571
|
| 650 |
|
|
|a Bengali literature.
|
| 650 |
|
|
|a Bengali essays.
|
| 650 |
|
|
|a Bengali fiction.
|
| 700 |
|
|
|a বানু, আরজুমান আরা
|9 53572
|
| 852 |
|
|
|a Ayesha Abed Library
|c General Stacks
|
| 942 |
|
|
|2 ddc
|c BK
|
| 999 |
|
|
|c 45341
|d 45341
|
| 952 |
|
|
|0 0
|1 0
|2 ddc
|4 0
|6 891_443000000000000_MIT
|7 0
|9 72778
|a SCL
|b SCL
|c GEN
|d 2023-01-05
|e Development Book Agency
|g 170.00
|l 0
|o 891.443 MIT
|p 3020040692
|r 2023-01-05
|t 1
|v 170.00
|w 2023-01-05
|y BK
|
| 952 |
|
|
|0 0
|1 0
|2 ddc
|4 0
|6 891_443000000000000_MIT
|7 0
|9 72779
|a SCL
|b SCL
|c GEN
|d 2023-01-05
|e Development Book Agency
|g 170.00
|l 1
|m 1
|o 891.443 MIT
|p 3020040693
|r 2023-06-06
|s 2023-02-20
|t 2
|v 170.00
|w 2023-01-05
|y BK
|